2. Duro - Quevedo - Estadísticas

Estadísticas generales
  • Esta prueba ha sido intentada 17 veces
  • La puntuación promedio es 282 de 430
Estadísticas de respuestas
% Correcto
a
100%
A
100%
duro
100%
el
91%
Y
91%
y
91%
Da
82%
da
82%
darle
82%
no
82%
No
82%
pa
82%
es
73%
ey
73%
Ey
73%
la
73%
lo
73%
me
73%
si
73%
tu
73%
73%
con
64%
en
64%
64%
Que
64%
que
64%
se
64%
Se
64%
Sin
64%
sin
64%
su
64%
Yo
64%
yo
64%
Anoche
55%
backseat
55%
Ford
55%
Para
55%
parecía
55%
salí
55%
te
55%
Transit
55%
anillo
45%
aunque
45%
bien
45%
cabrón
45%
di
45%
Di
45%
Esa
45%
hace
45%
hacer
45%
le
45%
luz
45%
poca
45%
puse
45%
pusieras
45%
quieres
45%
ruido
45%
wifey
45%
ah
36%
Baby
36%
casa
36%
del
36%
desde
36%
ese
36%
gata
36%
I
36%
Llegamos
36%
más
36%
mis
36%
noche
36%
papi
36%
Perreamos
36%
pillo
36%
taxi
36%
acabé
27%
amarillo
27%
arrodillo
27%
brillo
27%
chingan
27%
como
27%
Dale
27%
dale
27%
dándole
27%
darte
27%
estribillo
27%
fuera
27%
gistro
27%
Gua
27%
gua
27%
Guáyame
27%
guáyame
27%
hagas
27%
importa
27%
juntos
27%
maquilla
27%
metimos
27%
nos
27%
Pasamos
27%
saco
27%
toto
27%
ustedes
27%
casao
18%
cuánto
18%
enganchao
18%
estaban
18%
están
18%
follan
18%
fumar
18%
gatillo
18%
hubieras
18%
je
18%
Lady
18%
mirada
18%
oh
18%
pantis
18%
papis
18%
quedamos
18%
rastri
18%
see
18%
seguro
18%
solo
18%
sus
18%
tarareando
18%
venido
18%
veo
18%
wanna
18%
weed
18%
you
18%
bravo
9%
cargué
9%
jales
9%
vengas
9%
No se encontraron pruebas coincidentes
Distribución de puntuación
Porcentaje de gente con cada puntuación
Porcentaje por número respondido
Historial de tus puntuaciones
No has intentado esta prueba.